First aid in the factory and on the building site and farm, in the shop, office and warehouse/ (Record no. 136317)

MARC details
000 -LEADER
fixed length control field 00684nam a2200217I 4500
008 - FIXED-LENGTH DATA ELEMENTS--GENERAL INFORMATION
fixed length control field
049 ## - LOCAL HOLDINGS (OCLC)
Holding library MAIN
090 ## - LOCALLY ASSIGNED LC-TYPE CALL NUMBER (OCLC); LOCAL CALL NUMBER (RLIN)
Classification number (OCLC) (R) ; Classification number, CALL (RLIN) (NR) WA292
Local cutter number (OCLC) ; Book number/undivided call number, CALL (RLIN) TAY
003 - CONTROL NUMBER IDENTIFIER
control field
005 - DATE AND TIME OF LATEST TRANSACTION
control field 20230123125132.0
040 ## - CATALOGING SOURCE
Transcribing agency NUST
100 1# - MAIN ENTRY--PERSONAL NAME
Personal name Taylor, Lord.
245 10 - TITLE STATEMENT
Title First aid in the factory and on the building site and farm, in the shop, office and warehouse/
Statement of responsibility, etc. Lord Taylor.
260 ## - PUBLICATION, DISTRIBUTION, ETC.
Place of publication, distribution, etc. London :
Name of publisher, distributor, etc. Longmans,
Date of publication, distribution, etc. 1960
300 ## - PHYSICAL DESCRIPTION
Extent x, 140 p.
Other physical details ill. ;
Dimensions 21 cm.
504 ## - BIBLIOGRAPHY, ETC. NOTE
Bibliography, etc. note Includes bibliographical references.
650 #0 - SUBJECT ADDED ENTRY--TOPICAL TERM
Topical term or geographic name entry element First aid in illness and injury.
700 1# - ADDED ENTRY--PERSONAL NAME
Personal name Wright, Prudence D.
907 ## - LOCAL DATA ELEMENT G, LDG (RLIN)
a .b10291519
b 08-06-11
c 16-02-11
942 ## - ADDED ENTRY ELEMENTS (KOHA)
Koha item type Ordinary Loan Books
Call number prefix WA292
Call number suffix TAY
Holdings
Date last seen Total Checkouts Full call number Barcode Cost, replacement price Price effective from Koha item type Lost status Source of classification or shelving scheme Damaged status Not for loan Collection Withdrawn status Home library Current library Shelving location Date acquired Cost, normal purchase price
01/23/2023 1 WA292 TAY 92004007231 80.00 01/23/2023 BOOKS   LCC     NFIC   MAIN MAIN GEN 01/23/2023 80.00